Countries Pope Paul visited - Statistics

General Stats
  • This quiz has been taken 93 times
  • The average score is 11 of 21
Answer Stats
Continent Country % Correct
Oceania Australia
91%
Europe Italy
86%
North America United States of America
86%
Europe France
77%
Europe United Kingdom
74%
Asia China
73%
Asia India
70%
South America Colombia
61%
Asia Israel
60%
Asia/ Europe Turkey
60%
Asia the Philippines
54%
Asia Indonesia
46%
Asia Iran
40%
Asia Jordan
37%
Europe Portugal
37%
Asia Lebanon
33%
Europe Switzerland
33%
Asia Pakistan
27%
Oceania Samoa
23%
Africa Uganda
19%
Asia Sri Lanka
16%
No matching quizzes found
Score Distribution
Percent of People with Each Score
Percentile by Number Answered
Your Score History
You have not taken this quiz